| 000 | 01114nam a2200241Ia 4500 | ||
|---|---|---|---|
| 999 |
_c53137 _d53137 |
||
| 001 | 20176 | ||
| 003 | GE_BSU | ||
| 005 | 20250425144852.0 | ||
| 008 | 181216s1990||||ge |||||||||||||| ||geo|| | ||
| 040 | _cGE_BSU | ||
| 041 | _ageo | ||
| 080 | _a635.8+635.848 ხ-52 | ||
| 100 |
_aხიდაშელი, შალვა _924947 |
||
| 245 |
_aსოკოები : _bგამოყენება და კულტივირების ტექნოლოგია / _cშალვა ხიდაშელი, არჩილ ფანჩულიძე ; რედ. : ც.ფირცხალავა ; მხატვ. : დ. დუნდუა. |
||
| 264 |
_aთბილისი : _bსაქართველო, _c1990. |
||
| 300 |
_a239 გვ. : _b4 ფ. ილ. ; _c22 სმ. |
||
| 520 | _aრეზ. რუს. და ინგლ. | ||
| 541 | _h7ლ. | ||
| 653 | _aსოკოების კულტივირება | ||
| 653 | _aსოკოების დაკონსერვება | ||
| 653 | _aსოფლის მეურნეობა | ||
| 942 |
_cBK _2udc |
||